000 00517 a2200121 4500
999 _c328965
_d328965
003 Nust
005 20170420105707.0
008 170420b xxu||||| |||| 00| 0 eng d
040 _cNust
082 _a355.0218
_bGAL
100 _aGallagher, CSM James J.
245 _aPakistan Army green book 2002: low intensity conflict
_cCSM James J. Gallagher
260 _aRawalpindi :
_bGeneral headquarter,
_c2002
300 _ax, 221p. :
_bill ., pics., ;
_c23 cm
650 _aLow Intensity Conflict -- Army
942 _2ddc
_cBK